Цифровое неравенство в доступе к услугам фиксированной телефонной связи в России; Вопросы статистики; № 1
| Parent link: | Вопросы статистики: ежемесячный научно-информационный журнал/ Федеральная служба государственной статистики.— , 2004- № 1.— 2008.— С. 67-73 |
|---|---|
| Hovedforfatter: | |
| Andre forfattere: | |
| Summary: | Статья посвящена исследованию уровня цифрового неравенства в доступу к услугам фиксированной телефонной связи по числу телефонных аппаратов (включая таксофоны) между регионами и федеральными округами России за период 1995-2010 гг. В фонде НТБ ТПУ отсутствует |
| Sprog: | russisk |
| Udgivet: |
2008
|
| Fag: | |
| Format: | MixedMaterials Book Chapter |
| KOHA link: | https://koha.lib.tpu.ru/cgi-bin/koha/opac-detail.pl?biblionumber=602877 |
MARC
| LEADER | 00000naa0a2200000 4500 | ||
|---|---|---|---|
| 001 | 602877 | ||
| 005 | 20250310114033.0 | ||
| 035 | |a (RuTPU)RU\TPU\tpu\29783 | ||
| 035 | |a RU\TPU\prd\173135 | ||
| 090 | |a 602877 | ||
| 100 | |a 20210416d2008 k||y0rusy50 ca | ||
| 101 | 0 | |a rus | |
| 102 | |a RU | ||
| 200 | 1 | |a Цифровое неравенство в доступе к услугам фиксированной телефонной связи в России |f С. Л. Еремина, Д. А. Гунин | |
| 330 | |a Статья посвящена исследованию уровня цифрового неравенства в доступу к услугам фиксированной телефонной связи по числу телефонных аппаратов (включая таксофоны) между регионами и федеральными округами России за период 1995-2010 гг. | ||
| 333 | |a В фонде НТБ ТПУ отсутствует | ||
| 461 | |t Вопросы статистики |o ежемесячный научно-информационный журнал |f Федеральная служба государственной статистики |d 2004- | ||
| 463 | |t № 1 |v С. 67-73 |d 2008 | ||
| 610 | 1 | |a труды учёных ТПУ | |
| 700 | 1 | |a Еремина |b С. Л. |c экономист |c профессор Томского политехнического университета, доктор экономических наук |f 1955- |g Софья Леонидовна |3 (RuTPU)RU\TPU\pers\27937 |9 12940 | |
| 701 | 1 | |a Гунин |b Д. А. | |
| 801 | 1 | |a RU |b 63413507 |c 20130328 | |
| 801 | 2 | |a RU |b 63413507 |c 20220111 |g RCR | |
| 942 | |c CR | ||